000 01339cam a2200361 i 4500
001 bg
003 KOSZ 005
005 20221214133003.0
008 021010s2002 pl |000 0 pol d
020 _a838728744X
040 _cKOSZ 005/HR
_aKOSZ 005/HR
_dKOSZ 005/HR
041 1 _apol
_heng
046 _k2002
080 _a005
080 _a331-057.17
080 _a(047)
245 1 0 _aApetyt na zarządzanie :
_bczyli rozmowy z Konosuke Matsushitą założycielem i twórcą potęgi koncernu Matsushita Corp. (Panasonic, Technics, National) /
_coprac. PHP Institute ; [przekł., adapt. i komemt. Władysław Roman Pawlak].
260 _aWarszawa :
_b"Weka",
_c2002.
300 _a142 s. ;
_c24 cm.
336 _2rdacontent
_aTekst
_btxt
337 _2rdamedia
_aBez urządzenia pośredniczącego
_bn
338 _2rdacarrier
_aWolumin
_bnc
600 _aMatsushita, Kōnosuke
_d(1894-1989)
650 4 _aMenedżerowie
650 4 _aSukces
650 4 _aZarządzanie
655 4 _aWywiad dziennikarski
658 _aZarządzanie i marketing
700 1 _aPawlak, Władysław Roman
_d(1948-2004)
_eTłumaczenie
710 0 _aPHP Institute
856 _uhttp://koha.tu.koszalin.pl/cgi-bin/koha/opac-detail.pl?biblionumber=42023
_yKatalog online BPK
942 _cKS
_2UKD
999 _c42023
_d42023